| Tag |
First Indicator |
Second Indicator |
Subfields |
| LEADER |
00000cam a22000004a 4500 |
| 001 |
in00001829921 |
| 005 |
20151026055701.0 |
| 008 |
030722s2004 dcuabf b 001 0 eng |
| 010 |
|
|
|a 2003016233
|
| 020 |
|
|
|a 1574886282 (cloth : alk. paper)
|
| 035 |
|
|
|a (OCoLC)ocm52757388
|
| 040 |
|
|
|a DLC
|c DLC
|d UtOrBLW
|
| 042 |
|
|
|a pcc
|
| 043 |
|
|
|a n-us---
|a a-af---
|
| 049 |
|
|
|a TXAM
|
| 050 |
0 |
0 |
|a HV6431
|b .S642 2004
|
| 082 |
0 |
0 |
|a 958.104/6
|2 22
|
| 100 |
1 |
|
|a Smucker, Philip.
|
| 245 |
1 |
0 |
|a Al Qaeda's Great Escape :
|b the military and the media on terror's trail /
|c Philip Smucker.
|
| 250 |
|
|
|a 1st ed.
|
| 264 |
|
1 |
|a Washington, D.C. :
|b Brassey's,
|c [2004]
|
| 264 |
|
4 |
|c ©2004
|
| 300 |
|
|
|a xxv, 229 pages, 16 unnumbered pages of plates :
|b illustrations, map ;
|c 24 cm.
|
| 336 |
|
|
|a text
|b txt
|2 rdacontent
|
| 337 |
|
|
|a unmediated
|b n
|2 rdamedia
|
| 338 |
|
|
|a volume
|b nc
|2 rdacarrier
|
| 504 |
|
|
|a Includes bibliographical references (pages 223-224) and index.
|
| 505 |
0 |
|
|a Introduction : Mad mullahs run amok -- Been loadin' for bin Laden -- The stakeout -- The big adios -- Osama slips the noose -- Operation Vampire -- The eye of the storm -- Meeting your maker -- Conclusion : Chasing the mad mullahs -- Epilogue : A diaspora of spite.
|
| 650 |
|
0 |
|a War on Terrorism, 2001-2009
|x Press coverage
|z Afghanistan.
|
| 650 |
|
0 |
|a War on Terrorism, 2001-2009
|x Journalists.
|
| 600 |
1 |
0 |
|a Bin Laden, Osama,
|d 1957-2011.
|
| 610 |
2 |
0 |
|a Qaida (Organization)
|
| 651 |
|
0 |
|a United States
|x Armed Forces
|z Afghanistan.
|
| 600 |
1 |
0 |
|a Smucker, Philip.
|
| 650 |
|
0 |
|a War correspondents
|z United States
|v Biography.
|
| 650 |
|
0 |
|a War correspondents
|z Afghanistan
|v Biography.
|
| 945 |
|
|
|i PromptCat
|
| 948 |
|
|
|a cataloged
|b h
|c 2004/5/13
|d c
|e dmitchel
|f 8:40:20 am
|
| 994 |
|
|
|a 92
|b TXA
|
| 999 |
|
|
|a MARS
|
| 999 |
f |
f |
|s 085be116-5379-3a51-8a9f-3d330d4a8f0c
|i 3cb34fbc-8cc5-3cf8-9eee-582974039c97
|t 0
|
| 952 |
f |
f |
|p ric
|a Texas A&M University
|b Rellis Campus
|c Joint Library Facility
|d Remote Storage
|t 0
|e HV6431 .S642 2004
|h Library of Congress classification
|i unmediated -- volume
|m A14831914297
|
| 998 |
f |
f |
|a HV6431 .S642 2004
|t 0
|l Remote Storage
|